Online
Catalog

III Curso sobre Lengua y Literatura en Aragón : (Record no. 6108)

MARC details
000 -CABECERA
campo de control de longitud fija 01569cam a2200313 a 4500
001 - NÚMERO DE CONTROL
campo de control 000006313
005 - FECHA Y HORA DE LA ÚLTIMA TRANSACCIÓN
campo de control 20200929153921.0
008 - DATOS DE LONGITUD FIJA--INFORMACIÓN GENERAL
campo de control de longitud fija 971201s1994 sp ab b 101 0 spa d
020 ## - NÚMERO INTERNACIONAL ESTÁNDAR DEL LIBRO
Número Internacional Estándar del Libro 8478201939
040 ## - FUENTE DE LA CATALOGACIÓN
Centro catalogador/agencia de origen DO-SdBNP
Lengua de catalogación spa
Centro/agencia transcriptor EYM
Centro/agencia modificador DLC
-- BNPHU
082 ## - NÚMERO DE LA CLASIFICACIÓN DECIMAL DEWEY
Número de clasificación 860.9
Número de documento/Ítem T315
049 ## - FONDOS LOCALES (OCLC)
Fondos de biblioteca BNGR
111 2# - ENTRADA PRINCIPAL--NOMBRE DE CONGRESO/REUNIÓN
Nombre de congreso/reunión o jurisdicción como elemento de entrada Curso sobre Lengua y Literatura en Aragón
Número del congreso/reunión o número de parte o sección (3nd:
Fecha del congreso/reunión 1992,
Sede del congreso/Lugar de la reunión Universidad de Zaragoza)
9 (RLIN) 17611
245 10 - MENCIÓN DE TÍTULO
Título III Curso sobre Lengua y Literatura en Aragón :
Resto del título siglos XVIII-XX /
Mención de responsabilidad, etc. coordinación del curso, Tomás Buesa y José-Carlos Mainer ; edición de las actas, José Ma. Enguita.
246 3# - FORMA VARIANTE DE TÍTULO
Título propio/Titulo breve Tercero Curso sobre Lengua y Literatura en Aragón
260 ## - PUBLICACIÓN, DISTRIBUCIÓN, ETC.
Lugar de publicación, distribución, etc. Zaragoza, España :
Nombre del editor, distribuidor, etc. Institución Fernando el Católico,
Fecha de publicación, distribución, etc. 1994.
300 ## - DESCRIPCIÓN FÍSICA
Extensión 356 p. ;
Dimensiones 24 cm.
490 1# - MENCIÓN DE SERIE
Mención de serie Institución Fernando el Católico
Designación de volumen o secuencia 1620
500 ## - NOTA GENERAL
Nota general "Del 3 al 5 de febrero de 1992, en el Aula Magna de la Facultad de Filosofía y Letras de la Universidad de Zaragoza": p. anterior t.p.
504 ## - NOTA DE BIBLIOGRAFÍA, ETC.
Nota de bibliografía, etc. Incluye referencias bibliográficas y notas al pie de las páginas
650 #4 - PUNTO DE ACCESO ADICIONAL DE MATERIA--TÉRMINO DE MATERIA
Término de materia o nombre geográfico como elemento de entrada Literatura española
Subdivisión geográfica Aragón (España{Rpara}
Subdivisión general Historia y crítica
-- Congresos
9 (RLIN) 17612
650 #4 - PUNTO DE ACCESO ADICIONAL DE MATERIA--TÉRMINO DE MATERIA
Término de materia o nombre geográfico como elemento de entrada Español
Subdivisión geográfica Aragón (España{Rpara}
Subdivisión general Congresos
9 (RLIN) 17613
650 #4 - PUNTO DE ACCESO ADICIONAL DE MATERIA--TÉRMINO DE MATERIA
Término de materia o nombre geográfico como elemento de entrada Español
Subdivisión general Período clásico, 1500-1700
-- Congresos
9 (RLIN) 17614
700 1# - PUNTO DE ACCESO ADICIONAL--NOMBRE DE PERSONA
Nombre de persona Buesa Oliver, Tomás.
Término indicativo de función/relación pról.
9 (RLIN) 10574
700 1# - PUNTO DE ACCESO ADICIONAL--NOMBRE DE PERSONA
Nombre de persona Mainer, José-Carlos.
9 (RLIN) 13715
700 1# - PUNTO DE ACCESO ADICIONAL--NOMBRE DE PERSONA
Nombre de persona Enguita Utrilla, José Ma.
Término indicativo de función/relación ed.
Forma completa/desarrollada del nombre (José María)
9 (RLIN) 10575
830 #0 - PUNTO DE ACCESO ADICIONAL DE SERIE-TÍTULO UNIFORME
Título uniforme Institución Fernando el Católico ;
Designación de volumen o secuencia 1620
9 (RLIN) 16722
910 ## - DATOS DE OPCIÓN DEL USUARIO (OCLC)
Datos de opción del usuario Catalogación por copia / LC
Holdings
Estado de retiro Estado de pérdida Restricciones de uso No para préstamo Código de colección Localización permanente Ubicación/localización actual Ubicación en estantería Fecha de adquisición Número de inventario Total de préstamos Signatura topográfica completa Código de barras Fecha visto por última vez Precio válido a partir de Tipo de ítem Koha
        Monografías: Libros y Folletos General General En catalogación 27.08.2009 LF1   860.9 T315 6313-10 25.06.2020 25.06.2020 Préstamo en sala

Powered by Koha